000 004720000a22001570004500
090 _aAR
_b01285
245 1 0 _aMammals of the collins-day South American expedition
650 1 4 _aMamíferos
_992510
650 1 4 _aColecciones biológicas
_94146
650 1 4 _aExpediciones científicas
_992957
651 4 _pAmérica del Sur
_992749
041 0 _aInglés
100 1 _aOsgood, Wilfred H.
_994575
942 _cARTICULO
773 1 _tZoological series
_3472
_h14
_q199-218
_d1916
_g10
999 _c10370
_d10370